000 00593nam a2200229Ia 4500
003 OSt
005 20220918201946.0
006 a|||||r|||| 00| 0
007 ta
008 220917b |||||||| |||| 00| 0 eng d
024 _a97,732
037 _cTextual
040 _aARTS
_cARTS
_beng
041 _2eng
_aeng
082 _aV2:25wM38, F3-;1
100 _aRatciffe
_9101525
245 0 _aSir William Wedederburn and the Indian reform movement 1923
260 _c1923
650 _aHISTORY
942 _hV2:25wM38, F3-;1
_cTEXL
_2CC
999 _c221326
_d221326